Прецизионные измерения параметров движения с использованием лазера

Xehetasun bibliografikoak
Egile nagusia: Застрогин Ю. Ф. Юрий Федорович
Hizkuntza:errusiera
Argitaratua: Москва, Машиностроение, 1986
Gaiak:
Formatua: MixedMaterials Liburua
KOHA link:https://koha.lib.tpu.ru/cgi-bin/koha/opac-detail.pl?biblionumber=279585

MARC

LEADER 00000nam0a2200000 4500
001 279585
005 20231101235225.0
020 |a RU  |b 86-55928 
035 |a (RuTPU)RU\TPU\book\302881 
090 |a 279585 
100 |a 20141222d1986 k a0rusy5003 ca 
101 0 |a rus 
102 |a RU 
105 |a a z 001zy 
200 1 |a Прецизионные измерения параметров движения с использованием лазера  |f Ю. Ф. Застрогин 
210 |a Москва  |c Машиностроение  |d 1986 
215 |a 269 с.  |c ил. 
320 |a Библиогр.: с. 267-270 (77 назв.) 
606 1 |a Интерферометры лазерные  |2 stltpush  |3 (RuTPU)RU\TPU\subj\12849  |9 39558 
610 1 |a измерения 
610 1 |a прецизионные измерительные устройства 
610 1 |a параметры 
610 1 |a движение 
610 1 |a лазер 
610 1 |a использование 
675 |a 681.782  |z rus 
700 1 |a Застрогин  |b Ю. Ф.  |g Юрий Федорович  |4 070 
801 0 |a RU  |b RuMRKP  |c 19950704  |g psbo 
801 1 |a RU  |b 63413507  |c 20141222 
801 2 |a RU  |b 63413507  |c 20160405  |g RCR 
942 |c BK